Responses for Show #4834 - Thursday, September 22, 2005

(Alex: On today's Jeopardy!, we have a contestant from New Orleans, Deborah Slattery. This episode was taped prior to the devastation of Hurricane Katrina, but we have confirmed with Deborah that she and her family are safe and well. And, of course, our thoughts and prayers go out to all of those affected by Katrina.)

Contestants

[<< previous game]

Chris Hartley, an adjunct professor and writer from the Bronx, New York

Deborah Slattery, a homemaker from New Orleans, Louisiana

Mike Leger, an air quality consultant from Bridgewater, New Jersey (whose 1-day cash winnings total $30,801)

[next game >>]

Jeopardy! Round responses

ON OLD MAPS
UNITAS AGAINST ALL ENEMIES
TRANSPORTATION
FUN ACROSS AMERICA
CAN YOU DIGIT?
ANIMAL QUOTATIONS
    $200 21
Islands

Deborah
    $200 16
the (Baltimore) Colts

Mike
    $200 26
the Jeep

Chris
    $200 11
(Chris: Uh, what is the grapefruit?)
(Deborah: What is a banana?)
...
(Alex: Not too many yellow fruits left, except, perhaps, [*]?)

the lemon

DeborahChris
Triple Stumper
    $200 1
20/20

Mike
    $200 5
a camel

Chris
    $1,500 22
(Deborah: What is Russia?)
(Alex: No, sorry, Kiev is the capital of [*].)
[Deborah's response was accepted as correct before the beginning of the Double Jeopardy! Round.]

the Ukraine

Deborah
    $400 17
"the Golden Arm"

Chris
    $400 27
engines

Mike
    $400 12
Universal Studios

Chris
    $400 2
88

Mike
    $400 6
the elephant

Chris
    $600 23
(Chris: What is Tempe?)

Yuma

MikeChris
    $600 18
the (New York) Giants

Deborah
    $600 28
(Alex: Oh, you haven't been paying attention to the flight attendants. [*]. You hear that all the time; now you know what it means.)
[The end-of-round signal sounds.]

cross-check

Triple Stumper
    $600 13
Pennsylvania

Chris
    $600 3
45 & 78

Chris
    $600 7
an oyster

Deborah
    $800 24
(Deborah: What is the Nebraska Territory?)

Indian Territory

Deborah
Triple Stumper
    $800 19
the San Diego Chargers

Mike
    $800 14
Las Vegas

Chris
    $800 4
(Mike: What is 300?)
...
(Alex: The 600 who rode minus 100 senators.)

500

MikeDeborah
    $800 8
a dark horse

Triple Stumper
    $1000 25
Uttar Pradesh

Triple Stumper
    $1000 20
a touchdown pass

Chris
    $1000 15
(Chris: What is Baltimore?)

Chicago

MikeChris
    $1000 10
30

Deborah
    $1000 9
the peacock

Chris

Scores at the first commercial break (after clue 14):

Mike Deborah Chris
-$200 $2,200 $3,800

Scores at the end of the Jeopardy! Round:

Mike Deborah Chris
$2,800 $3,700 $3,800

Double Jeopardy! Round responses

THE PENTAGON
FLOWER
POW-ER
A STEVE MARTIN FILM FESTIVAL
LITERARY LANDMARKS
"B" BRAVE
    $400 26
the Congressional Medal of Honor

Deborah
    $400 16
bougainvillea

Mike
    $400 17
(Deborah: What is T--no, [*], or TNT, [*]... What is [*]?)
(Alex: ...All right, yes. Glad you settled on something there!)

dynamite

Deborah
    $400 1
L.A. Story

Chris
    $400 11
Sir Walter Scott

Deborah
    $400 6
boll weevils

Deborah
    $3,600 27
(Deborah: I can't think of his name... Who is Cas-- Weinberger?)

Dick Cheney

Deborah
    $800 22
a camellia

Deborah
    $800 18
napalm

Mike
    $800 2
The Man with Two Brains

Mike
    $800 12
Edgar Allan Poe

Chris
    $800 7
blockbuster

Mike
    $1200 23
(Deborah: What is a crown of thorns?)
(Mike: What is purple passion?)

the passion flower

MikeDeborah
Triple Stumper
    $1200 19
plastique

Chris
    $1,400 3
Dead Men Don't Wear Plaid

Mike
    $1200 13
Lord Byron

Triple Stumper
    $1200 8
Bill Blass

Deborah
    $1600 24
a hibiscus

Deborah
    $1600 20
(Chris: What is phosphorous?)

TNT

Chris
Triple Stumper
    $1600 4
The Three Amigos

Chris
    $1600 14
Rima

Deborah
    $1600 9
blood pressure

Chris
    $2000 28
[The end-of-round signal sounds.]

(George) Marshall

Deborah
    $2000 25
the Dahlia

Triple Stumper
    $2000 21
nitroglycerin

Triple Stumper
    $2000 5
The Jerk

Chris
    $2000 15
Tintern Abbey

Deborah
    $2000 10
(Deborah: What is Bhutan?)
...
(Alex: Deborah, you're in the right part of the world, but it was [*].)

Bangladesh

Deborah
Triple Stumper

Scores at the end of the Double Jeopardy! Round:

Mike Deborah Chris
$5,800 $7,700 $9,800

[wagering suggestions for these scores]

Final Jeopardy! Round responses

FAMOUS PAINTINGS
(Alex: A new champion every day this week. Congratulations!)
MikeWhat is "Guernica"?
$5,799
DeborahWhat is Guernica?
$4,600
ChrisWhat is The Raft of the Medusa?
$5,601
Guernica (by Pablo Picasso)

Final scores:

Mike Deborah Chris
$11,599 $12,300 $4,199
2nd place: $2,000 New champion: $12,300 3rd place: $1,000

Game dynamics:

Coryat scores:

Mike Deborah Chris
$5,600 $10,200 $9,800
12 R
(including 1 DD),
2 W
16 R
(including 1 DD),
5 W
(including 1 DD)
16 R,
4 W

Combined Coryat: $25,600

[game clues] [game scores] [suggest correction]

Game tape date: 2005-07-21
The J! Archive is created by fans, for fans. Scraping, republication, monetization, and malicious use prohibited; this site may use cookies and collect identifying information. See terms. The Jeopardy! game show and all elements thereof, including but not limited to copyright and trademark thereto, are the property of Jeopardy Productions, Inc. and are protected under law. This website is not affiliated with, sponsored by, or operated by Jeopardy Productions, Inc. Join the discussion at JBoard.tv.